000 00939nam a2200205 a 4500
008 081126s2005 ||||||||||||||||| || u
020 _a0750662255
050 _aTA 418.9 Add
100 _aAddington, Michelle D
245 1 0 _aSmart materials and technologies: for the architecture and design professions
_cD. Michelle Addington, Daniel Schodek
260 _aAmsterdam
_bElsevier
_c2005
300 _axi, 241p.; ill.
350 _a0.00
650 0 _aMATERIALS
650 _aSMART MATERIALS
650 _aARCHITECTURAL DESIGN--TECHNOLOGICAL INNOVATIONS
700 _aSchodek, Daniel L
995 _aMAIN LIBRARY OPEN ACCESS
_D0.00
_e739109
_FCBU-MAIN LIBRARY (Kitwe)
_H1
_I0.00
_jTA 418.9 ADD
_M1
_UAVAILABLE
_WMar 4, 2009
_y739109
_ZMain Library Open Access Collection
995 _aMAIN LIBRARY OPEN ACCESS
_D0.00
_e742029
_FCBU-MAIN LIBRARY (Kitwe)
_H1
_I0.00
_jTA 418.9 Add
_M2
_UAVAILABLE
_WNov 30, 2010
_y742029
_ZMain Library Open Access Collection
999 _c76556
_d76556